Riding memory's chariot / (Record no. 143803)

MARC details
000 -LEADER
fixed length control field 00578nam a22001937a 4500
005 - DATE AND TIME OF LATEST TRANSACTION
control field 20170824164612.0
010 ## - LCCN (DPL NO)
LC control number ENG-120070
020 ## - INTERNATIONAL STANDARD BOOK NUMBER
Terms of availability 500.00
International Standard Book Number 9789351251651
035 ## - SYSTEM CONTROL NUMBER
System control number EN-103602
037 ## - SOURCE OF ACQUISITION
Source of stock number/acquisition DBAD/PUB
082 ## - DEWEY DECIMAL CLASSIFICATION NUMBER
Classification number 363.2092254
100 ## - MAIN ENTRY--PERSONAL NAME
Personal name Sen, Sankar
245 ## - TITLE STATEMENT
Title Riding memory's chariot /
Statement of responsibility, etc by Sankar Sen
260 ## - PUBLICATION, DISTRIBUTION, ETC. (IMPRINT)
Place of publication, distribution, etc New Delhi
Name of publisher, distributor, etc Concept Publishing Company
Date of publication, distribution, etc 2015
270 ## - ADDRESS
Address A/15-16,Commercial Block,Mohan Garden
City New Delhi
Postal code 110059
300 ## - PHYSICAL DESCRIPTION
Extent x,121p.
Dimensions 23cm(Hb)
500 ## - GENERAL NOTE
General note Includes index
942 ## - ADDED ENTRY ELEMENTS (KOHA)
Source of classification or shelving scheme Dewey Decimal Classification
Item type English Books
Classification part 363.2092254
Call number suffix SEN
Holdings
Withdrawn status Lost status Not for loan Collection code Home library Current library Date acquired Source of acquisition Cost, normal purchase price Full call number Barcode Copy number Cost, replacement price Koha item type
      Non-fiction D.B.Act.Division Mobile Library 24/08/2017 DBAD/PUB 500.00 363.2092254 SEN EN-103602 1 500.00 English Books

© Delhi Public Library
Hit Counter
free hit counter